Statistics for Madeira Airport Destinations (Maderia, Portugal)

Click here to take the quiz!

General Stats

  • This quiz has been taken 61 times
  • The average score is 51 of 71

Answer Stats

AirlineDestination% Correct
easyJet/Ryanair/TAP Air PortugalLisbon
100%
easyJet/Ryanair/TAP Air Portugal/TransaviaPorto
100%
easyJetLondon (Gatwick)
95%
British AirwaysLondon (Heathrow)
95%
Jet2.com/RyanairLondon (Stansted)
95%
IberiaMadrid
95%
easyJet/Jet2.com/Ryanair/TUI AirwaysManchester
95%
easyJetParis (Charles de Gaulle)
95%
TransaviaParis (Orly)
95%
Transavia/TUI fly NetherlandsAmsterdam
92%
IberiaBarcelona
92%
TUI fly BelgiumBrussels
92%
Wizz AirRome (Fiumicino)
92%
Condor/EurowingsHamburg
89%
FinnairHelsinki
89%
easyJetMilan (Malpensa)
89%
Norwegian Air ShuttleOslo
89%
Scandinavian AirlinesStockholm (Arlanda)
89%
Austrian Airlines/Wizz AirVienna
89%
easyJet/SundairBerlin
86%
Swiss International Air LinesGeneva
86%
Condor/Eurowings Discover/Lufthansa/TUI fly DeutschlandMunich
86%
Binter CanariasTenerife (North)
86%
Binter CanariasTenerife (South)
86%
Edelweiss AirZurich
84%
Jet2.com/TUI AirwaysBirmingham
81%
Norwegian Air ShuttleCopenhagen
81%
RyanairDublin
81%
Condor/Eurowings/TUI fly DeutschlandDusseldorf
81%
Condor/Eurowings Discover/Lufthansa/TUI fly DeutschlandFrankfurt
81%
Binter CanariasGran Canaria
81%
LuxairLuxembourg
81%
Wizz AirBudapest
78%
Jet2.comEdinburgh
78%
easyJet/TransaviaLyon
78%
IberiaMalaga
78%
IberiaValencia
78%
EurowingsCologne/Bonn
76%
Jet2.comLiverpool
76%
RyanairMarseille
76%
Wizz AirWarsaw (Chopin)
76%
easyJetBasel/Mulhouse
73%
IberiaBilbao
73%
TAROMBucharest
73%
Jet2.comGlasgow
73%
Eurowings/TUI fly DeutschlandStuttgart
73%
easyJet/Jet2.comBristol
70%
Binter CanariasLanzarote
70%
Jet2.comBelfast (International)
68%
TUI fly DeutschlandHannover
68%
Jet2.comLeeds/Bradford
68%
Jet2.comNewcastle upon Tyne
65%
Eurowings/SmartwingsPrague
62%
Binter CanariasFuerteventura
59%
TransaviaNantes
54%
Azores AirlinesNew York (JFK)
54%
Jet2.comEast Midlands
51%
RyanairNuremberg
51%
RyanairCharleroi
49%
Azores AirlinesPonta Delgada
49%
CondorLeipzig/Halle
46%
IberiaSantiago de Compostela
46%
RyanairBergamo
43%
Binter CanariasMarrakesh
43%
RyanairBeauvais
35%
Enter Air/Wizz AirKatowice
35%
SmartwingsBrno
30%
Binter CanariasPorto Santo
30%
Azores AirlinesToronto (Pearson)
30%
Avion Express/Enter AirVilnius
27%
EuroAtlantic AirwaysCaracas
16%

Score Distribution

Percentile by Number Answered

Percent of People with Each Score

Your Score History

You have not taken this quiz